Zákon o plate a odmene za pracovnú pohotovosť v rozpočtových a v niektorých ďalších organizáciách a orgánoch s vykonávacím nariadením

Na minha lista:
Detalhes bibliográficos
Formato: Livro
Idioma:eslovaco
Publicado em: Bratislava Epos 1993
Edição:1. vyd.
Assuntos:
Tags: Adicionar Tag
Sem tags, seja o primeiro a adicionar uma tag!

MARC

LEADER 00000nam a2200000 4500
001 c002206
005 20221214083837.0
020 |a 80-85703-06-8 
041 0 |a slo 
044 |a SK 
245 1 0 |a Zákon o plate a odmene za pracovnú pohotovosť v rozpočtových a v niektorých ďalších organizáciách a orgánoch s vykonávacím nariadením 
250 |a 1. vyd. 
264 1 |a Bratislava  |b Epos  |c 1993 
300 |a 192 s. 
610 2 0 |a právo pracovné 
610 2 0 |a odmeňovanie 
610 2 0 |a organizácie rozpočtové 
610 2 0 |a predpisy právne 
610 2 0 |a vláda 
610 2 0 |a Slovensko 
610 2 0 |a mzdy 
610 2 0 |a príplatky 
610 2 0 |a podmienky pracovné 
610 2 0 |a 1992